Manufacturing engineering and technology / (Record no. 30)

MARC details
000 -LEADER
fixed length control field 00935nac a22002775a 4500
008 - FIXED-LENGTH DATA ELEMENTS--GENERAL INFORMATION
fixed length control field 130221s2006 njua|||fr|||| 001 0 eng d
010 ## - LIBRARY OF CONGRESS CONTROL NUMBER
LC control number 00026331
020 ## - INTERNATIONAL STANDARD BOOK NUMBER
International Standard Book Number 0131489658
020 ## - INTERNATIONAL STANDARD BOOK NUMBER
International Standard Book Number 9780131489653
040 ## - CATALOGING SOURCE
Original cataloging agency EG-ScBUE
Language of cataloging eng
Transcribing agency EG-ScBUE
082 04 - DEWEY DECIMAL CLASSIFICATION NUMBER
Classification number 670.42
Item number KAL
Edition number 22
100 1# - MAIN ENTRY--PERSONAL NAME
Personal name Kalpakjian, Serope.
9 (RLIN) 32681
245 10 - TITLE STATEMENT
Title Manufacturing engineering and technology /
Statement of responsibility, etc Serope Kalpakjia; Steven R. Schmid.
250 ## - EDITION STATEMENT
Edition statement 5th ed.
260 ## - PUBLICATION, DISTRIBUTION, ETC. (IMPRINT)
Place of publication, distribution, etc Upper Saddle River, New Jersey :
Name of publisher, distributor, etc Pearson Prentice Hall,
Date of publication, distribution, etc c.2006.
300 ## - PHYSICAL DESCRIPTION
Extent xxiv, 1295 p. :
Other physical details ill. ;
Dimensions 26 cm.
500 ## - GENERAL NOTE
General note Index : p. 1278-1295.
504 ## - BIBLIOGRAPHY, ETC. NOTE
Bibliography, etc Includes bibliographical references.
590 ## - LOCAL NOTE (RLIN)
Local note Menna Elemam
650 #0 - SUBJECT ADDED ENTRY--TOPICAL TERM
Topical term or geographic name as entry element Production engineering.
9 (RLIN) 32682
Source of heading or term BUEsh
650 #0 - SUBJECT ADDED ENTRY--TOPICAL TERM
Topical term or geographic name as entry element Manufacturing processes.
9 (RLIN) 32683
Source of heading or term BUEsh
651 ## - SUBJECT ADDED ENTRY--GEOGRAPHIC NAME
Source of heading or term BUEsh
653 ## - INDEX TERM--UNCONTROLLED
Resource For college Engineering, General
Arrived date list August2015
700 1# - ADDED ENTRY--PERSONAL NAME
Personal name Schmid, R. Steven,
Relator term editor.
942 ## - ADDED ENTRY ELEMENTS (KOHA)
Call number prefix 670.42 KAL
Source of classification or shelving scheme Dewey Decimal Classification
Call number suffix 670.42 KAL
Holdings
Withdrawn status Item status Source of classification or shelving scheme Damaged status Not for loan Vendor Home library Current library Shelving location Date acquired Source of acquisition Cost, normal purchase price Total Checkouts Total Renewals Full call number Barcode Date last seen Date last borrowed Cost, replacement price Koha item type Materials specified (bound volume or other part)
  Lost and Paid For Dewey Decimal Classification       Central Library Central Library First floor 09/11/2005   180.00 12 8 670.42 KAL 000004816 14/07/2011 30/03/2011 225.00 Book - Borrowing  
    Dewey Decimal Classification       Central Library Central Library First floor 09/11/2005   180.00 11 13 670.42 KAL 000004815 15/07/2025 21/03/2019 225.00 Book - Borrowing  
    Dewey Decimal Classification       Central Library Central Library First floor 09/11/2005   180.00 25 83 670.42 KAL 000004814 15/07/2025 25/10/2020 225.00 Book - Borrowing  
    Dewey Decimal Classification       Central Library Central Library First floor 09/11/2005   180.00 21 36 670.42 KAL 000004813 15/07/2025 19/03/2019 225.00 Book - Borrowing  
    Dewey Decimal Classification       Central Library Central Library First floor 09/11/2005   180.00 11 35 670.42 KAL 000004812 15/07/2025 26/02/2019 225.00 Book - Borrowing  
    Dewey Decimal Classification       Central Library Central Library First floor 09/11/2005   180.00 23 121 670.42 KAL 000004811 15/07/2025 23/02/2022 225.00 Book - Borrowing  
    Dewey Decimal Classification       Central Library Central Library First floor 09/11/2005   180.00 30 31 670.42 KAL 000004810 15/07/2025 27/02/2019 225.00 Book - Borrowing  
    Dewey Decimal Classification       Central Library Central Library First floor 09/11/2005   180.00 17 99 670.42 KAL 000004809 15/07/2025 23/02/2022 225.00 Book - Borrowing  
    Dewey Decimal Classification       Central Library Central Library First floor 09/11/2005   180.00 9 47 670.42 KAL 000004807 15/07/2025 20/03/2019 225.00 Book - Borrowing  
    Dewey Decimal Classification Damaged     Central Library Central Library First floor 07/08/2007   180.00 4 16 670.42 KAL 000005015 18/08/2021 27/03/2016 225.00 Book - Borrowing BOX07
    Dewey Decimal Classification     Baccah Central Library Central Library First floor 17/05/2010   180.00 9 88 670.42 KAL 000020840 15/07/2025 08/03/2020 225.00 Book - Borrowing  
    Dewey Decimal Classification       Central Library Central Library First floor 20/04/2011   180.00 1   670.42 KAL 000004808 15/07/2025 24/05/2011 225.00 NB - Book (Non borrowing)